000 00574nam a2200193Ia 4500
005 20250508161717.0
008 008 250505s9999 xx 000 0 eng d
037 _aTextual
040 _aFEDL
_beng
_cFEDL
041 _aeng
_2eng
084 _a371.33, POS
_qFEDL
100 _aPostlethwait S N
_9771428
245 0 _aAudio-tutorial approach to learning : Through independent study and integrated experiences
250 _a2nd
300 _av,149p.
700 _a Novak J Murray H T
_9771429
942 _cTEXL
_h371.33, POS
999 _c1371672
_d1371672